Los Paises de Hispanoamerica mas visitados - Estadísticas

Estadísticas generales
  • Esta prueba ha sido intentada 53 veces
  • La puntuación promedio es 5 de 5
Estadísticas de respuestas
Total de visitantes al año Pais % Correcto
2- 7.4 millones de turistas(Es un pais de Sudamerica, siendo el pais mas visitado de America del Sur, es un pais que se caracteriza por el tango y la música, por su platillo el asado, los dulces de leche y el futbol) Argentina
100%
1- 45.1 millones de turistas(Es el pais mas visitado de toda America Latina y esta en el top 5 de los paises mas visitados del mundo, su turismo se basa en diversos factores como las playas, paisajes naturales, zonas arquitectonicas de la America Prehispanica, zonas culturales en las grandes ciudades, una buena gastronomia que incluso es considera patrimonio cultural inmaterial de la Humanidad) México
98%
5- 4.37 millones de turistas
(Es un pais de Sudamerica que en turismo se destaca
por sus patrimonios culturales, siendo la cuna de unas
de las principales civilizaciones de la America Prehispanica,
tambien destaca en la gastronomia por tener unos excelentes
platillos y comida)
Perú
98%
4- 4.52 millones de turistas
(Es un pais de Sudamerica que se destaca por el vino, siendo
unos de los principales productores que incluso puedes explorar
numerosas bodegas de viñedos, tambien destaca en paisajes
naturales y patrimonio cultural)
Chile
96%
3- 6.45 millones de turistas(Es un pais del caribe que se caracteriza por tener buenas playas, paraisos, faunas, biodiversidad y paisajes naturales siendo el turismo unos de los principales ingresos del pais) Republica Dominicana
88%
No se encontraron pruebas coincidentes
Distribución de puntuación
Porcentaje de gente con cada puntuación
Porcentaje por número respondido
Historial de tus puntuaciones
No has intentado esta prueba.